000 00458nam a2200157 4500
001 143931
003 ES-MaACL
005 20230906200916.0
007 t|
008 070214s1982 xxk r ||||1| eng d
100 1 _aSharpe, Richard.
_9106015
245 1 0 _aReasay
_b: a study in island history /
_cRichard Sharpe.
260 _aLondon :
_bGrant & Cutler,
_c1982 (
_eValencia :
_fSoler)
300 _a96 p. ;
_c22 cm.
852 _aES-MaACL
_jL-2796
_bR.103552
999 _c143931
_d143931